Quels sont les pays avec les plus volcans? - Statistiques

Statistiques générales
  • Ce quiz a été pris 87 fois
  • Le résultat moyen est 6 sur 10
Statistiques - réponses
Hint Réponse % Correct
165 États-unis
90%
122 Japon
86%
120 Indonésie
80%
117 Russie
78%
91 Chili
72%
35 Islande
63%
38 Philippines
62%
24 Nouvelle Zelande
52%
46 Papouasie-Nouvelle-Guinée
33%
52 Éthiopie
22%
Aucun quiz correspondant
Distribution des résultats
% des personnes avec chaque résultat
Percentile par nombre de réponses
Votre historique - résultats
Vous n’avez pas pris ce quiz